Animals at the Beach Quiz Stats

 Plays Quiz Updated Jun 6, 2017

Support Sporcle.
Go Orange.
Score 0/20 Timer 05:00
5 Plays Today
% Correct
Camel
99.7%
Horse
98.5%
Dog
97.7%
Cat
97.1%
Tiger
96.7%
Elephant
94.9%
Pig
94.9%
Rabbit
94.5%
Penguin
94.4%
Cow
94.3%
% Correct
Polar Bear
94%
Kangaroo
93.9%
Seal
93.8%
Iguana
92.2%
Flamingo
91.7%
Guinea Pig
89.8%
Alpaca
87.6%
Sloth
86.2%
Hedgehog
80.8%
Meerkat
77.6%

You're not logged in!

Compare scores with friends on all Sporcle quizzes.
OR
Log In
Forgot?

From the Vault

Official State Grab Bag

by gnatural

Watch out, some of these states are hard to get a hold of.
Remove Ads.
Support Sporcle.
Get the best of Sporcle when you Go Orange. This ad-free experience offers more features, more stats, and more fun while also helping to support Sporcle. Thank you for becoming a member.

Show Comments

Extras

Top Quizzes Today


Score Distribution

Your Account Isn't Verified!

In order to create a playlist on Sporcle, you need to verify the email address you used during registration. Go to your Sporcle Settings to finish the process.

Report this User

Report this user for behavior that violates our Community Guidelines.

Details: